Tobacco based paan masala (gutkha) : a study on consumption behaviour and strategies for demarketing- with special reference to Gujarat (Record no. 22250)

MARC details
000 -LEADER
fixed length control field 00647nam a2200169Ia 4500
082 ## - DEWEY DECIMAL CLASSIFICATION NUMBER
Classification number RP 0281
100 ## - MAIN ENTRY--AUTHOR NAME
Personal name Panwar, J. S.
245 #0 - TITLE STATEMENT
Title Tobacco based paan masala (gutkha) : a study on consumption behaviour and strategies for demarketing- with special reference to Gujarat
Sub Title :
260 ## - PUBLICATION, DISTRIBUTION, ETC. (IMPRINT)
Year of publication 2006
Name of publisher Indian Council of social Science Research, New Delhi
300 ## - PHYSICAL DESCRIPTION
Number of Pages v.p.
504 ## - BIBLIOGRAPHY, ETC. NOTE
Bibliography, etc includes appendix and bibliography
650 ## - SUBJECT ADDED ENTRY--TOPICAL TERM
Topical Term Consumer behavior
Geographic subdivision India
-- Gujarat
650 ## - SUBJECT ADDED ENTRY--TOPICAL TERM
Topical Term Gutkha
Form subdivision Marketing
Geographic subdivision India
-- Gujarat
650 ## - SUBJECT ADDED ENTRY--TOPICAL TERM
Topical Term Consumption (Economics)
Form subdivision Surveys
Geographic subdivision India
-- Gujarat
650 ## - SUBJECT ADDED ENTRY--TOPICAL TERM
Topical Term Narcotic habit
Geographic subdivision India
-- Gujarat
942 ## - ADDED ENTRY ELEMENTS (KOHA)
Koha item type Research Reports
Source of classification or shelving scheme Dewey Decimal Classification
Holdings
Withdrawn status Lost status Damaged status Not for loan Collection code Home library Current library Date acquired Source of acquisition Bill Date Full call number Accession Number Price effective from Koha item type
      Not For Loan ICSSR Research Project Reports NASSDOC Library NASSDOC Library 27/07/2012 Gifted by : RP Division, ICSSR 2012-07-13 RP 0281 47813 18/04/2019 Research Reports